[Event "Montreal Mercredi 02"]
[Site "Montreal CAN"]
[Date "2009.03.11"]
[Round "4"]
[White "Lamouche, Andre"]
[Black "Luo, Zhao Yang"]
[Result "1/2-1/2"]
[WhiteElo "1707"]
[BlackElo "1650"]
[PlyCount "93"]
[GameId "2160767910268874"]
[EventDate "2009.02.18"]
[EventType "tourn"]
[EventRounds "5"]
[EventCountry "CAN"]
[SourceTitle "EXT 2011"]
[Source "ChessBase"]
[SourceDate "2011.11.26"]
[SourceVersion "1"]
[SourceVersionDate "2011.11.26"]
[SourceQuality "1"]

1. e4 c6 2. d4 d5 3. Nc3 dxe4 4. Nxe4 Bf5 5. Ng3 Bg6 6. Nf3 Nd7 7. Be2 Ngf6 8. O-O e6 9. c4 c5 10. Be3 Qb6 11. b3 cxd4 12. Nxd4 Bc5 13. a3 a5 14. b4 axb4 15. axb4 Rxa1 16. Qxa1 Bxd4 17. Bxd4 Qc7 18. Qa8+ Qb8 19. Qxb8+ Nxb8 20. Bf3 Nc6 21. Bxc6+ bxc6 22. b5 cxb5 23. cxb5 Ke7 24. Rc1 Rb8 25. b6 Nd5 26. h4 f6 27. h5 Bd3 28. Rd1 Ba6 29. Ra1 Bc8 30. Ra7+ Kf8 31. Bc5+ Kg8 32. Ne4 Nxb6 33. h6 Nd7 34. Bd6 Rb7 35. Ra8 Nb6 36. Ra1 Rd7 37. hxg7 Kxg7 38. Bg3 Rd4 39. Ra7+ Kg6 40. Nd6 e5 41. Nb5 Rd7 42. Rxd7 Bxd7 43. Nd6 Nd5 44. f3 Ne3 45. Kf2 Nf5 46. Nxf5 Kxf5 47. Ke3 1/2-1/2

[Event "Montreal Mercredi 02"]
[Site "Montreal CAN"]
[Date "2009.03.11"]
[Round "4"]
[White "Landry, Martin"]
[Black "Brichko, Michael"]
[Result "0-1"]
[WhiteElo "1593"]
[BlackElo "1565"]
[PlyCount "80"]
[GameId "2160767910268875"]
[EventDate "2009.02.18"]
[EventType "tourn"]
[EventRounds "5"]
[EventCountry "CAN"]
[SourceTitle "EXT 2011"]
[Source "ChessBase"]
[SourceDate "2011.11.26"]
[SourceVersion "1"]
[SourceVersionDate "2011.11.26"]
[SourceQuality "1"]

1. d4 e6 2. c4 d5 3. Nc3 Nf6 4. Bg5 Nbd7 5. a3 c6 6. e4 dxe4 7. Nxe4 Be7 8. Nc3 O-O 9. Nf3 Qc7 10. Bd3 e5 11. Bxf6 Bxf6 12. Ne4 exd4 13. O-O c5 14. Neg5 Bxg5 15. Nxg5 Nf6 16. Qc2 h6 17. Ne4 Ng4 18. Ng3 h5 19. Bh7+ Kh8 20. Bf5 h4 21. Qe4 Bxf5 22. Qxf5 hxg3 23. Qxg4 gxh2+ 24. Kh1 g6 25. Rad1 Kg7 26. Rd3 Rae8 27. b4 f5 28. Qg5 cxb4 29. Rxd4 bxa3 30. Rfd1 Rf7 31. Rh4 Rfe7 32. Qh6+ Kf6 33. Qc1 a2 34. Qc3+ Qe5 35. Rd6+ Re6 36. Qxe5+ Kxe5 37. Rd5+ Kf6 38. Ra5 Re1+ 39. Kxh2 a1=Q 40. Rxa1 Rxa1 0-1

[Event "Montreal Mercredi 02"]
[Site "Montreal CAN"]
[Date "2009.03.11"]
[Round "4"]
[White "Leutschaft, Martin"]
[Black "Morin, Louis"]
[Result "1/2-1/2"]
[WhiteElo "2158"]
[BlackElo "1926"]
[PlyCount "87"]
[GameId "2160767910268876"]
[EventDate "2009.02.18"]
[EventType "tourn"]
[EventRounds "5"]
[EventCountry "CAN"]
[SourceTitle "EXT 2011"]
[Source "ChessBase"]
[SourceDate "2011.11.26"]
[SourceVersion "1"]
[SourceVersionDate "2011.11.26"]
[SourceQuality "1"]

1. e4 e5 2. Nf3 d6 3. d4 Nf6 4. Nc3 Nbd7 5. Bc4 Be7 6. O-O O-O 7. Re1 c6 8. a4 b6 9. d5 Bb7 10. dxc6 Bxc6 11. Bg5 h6 12. Bxf6 Nxf6 13. Nd5 Bxd5 14. Bxd5 Nxd5 15. Qxd5 Rc8 16. c4 Rc5 17. Qd3 Qc8 18. b3 f5 19. Nd2 Bg5 20. Nb1 fxe4 21. Qxe4 d5 22. cxd5 Rd8 23. Na3 Rdxd5 24. Nc4 Qd7 25. Qe2 b5 26. axb5 Rxb5 27. Qe4 a5 28. h4 Bd2 29. Nxd2 Rxd2 30. Qa8+ Qd8 31. Qxd8+ Rxd8 32. Re3 Rdb8 33. Ra4 Rxb3 34. Rxa5 Rxe3 35. fxe3 Rb4 36. g3 e4 37. g4 Kf7 38. Kf2 Kf6 39. Kg3 g5 40. Rf5+ Kg6 41. h5+ Kg7 42. Rd5 Rb3 43. Kf2 Rb2+ 44. Kf1 1/2-1/2

[Event "Montreal Mercredi 02"]
[Site "Montreal CAN"]
[Date "2009.03.11"]
[Round "4"]
[White "Plante, Michel"]
[Black "Levkovsky, Alexandre"]
[Result "1-0"]
[WhiteElo "2094"]
[BlackElo "2068"]
[PlyCount "123"]
[GameId "2160767910268877"]
[EventDate "2009.02.18"]
[EventType "tourn"]
[EventRounds "5"]
[EventCountry "CAN"]
[SourceTitle "EXT 2011"]
[Source "ChessBase"]
[SourceDate "2011.11.26"]
[SourceVersion "1"]
[SourceVersionDate "2011.11.26"]
[SourceQuality "1"]

1. d4 d5 2. Nf3 Nf6 3. e3 Bg4 4. h3 Bxf3 5. gxf3 e6 6. Rg1 c5 7. c3 Nc6 8. dxc5 a5 9. Bb5 Qc7 10. Qe2 Bxc5 11. Rxg7 Ke7 12. Nd2 Rhg8 13. Rxg8 Rxg8 14. Nf1 Rg1 15. Bd2 Rh1 16. O-O-O Rxh3 17. Kb1 Rh1 18. Ng3 Rxd1+ 19. Qxd1 Bd6 20. f4 Qd8 21. Qh1 Qg8 22. Bd3 Qg4 23. Bxh7 Nxh7 24. Qxh7 b5 25. Qh5 Qxh5 26. Nxh5 a4 27. Kc2 f5 28. Ng3 Kf6 29. b3 axb3+ 30. axb3 Kg6 31. f3 Be7 32. Ne2 Bc5 33. Kd3 e5 34. e4 d4 35. cxd4 exd4 36. Ng3 Ne7 37. Ba5 Bd6 38. Ne2 Bc5 39. b4 Bd6 40. e5 Bb8 41. Nxd4 Nd5 42. Nc6 Nxf4+ 43. Ke3 Ng2+ 44. Kd4 Bxe5+ 45. Kxe5 Ne3 46. Nd4 Nc4+ 47. Kf4 Nd6 48. Bc7 Nc4 49. Nxb5 Nb2 50. Bd6 Nd3+ 51. Ke3 Nb2 52. Kd4 Kf6 53. Nc7 Na4 54. Bc5 Kg5 55. Bd6 Kf6 56. f4 Nb6 57. b5 Nd7 58. Kd5 Nb6+ 59. Kc6 Nc4 60. b6 Na5+ 61. Kd7 Nb7 62. Bb4 1-0

[Event "Montreal Mercredi 02"]
[Site "Montreal CAN"]
[Date "2009.03.11"]
[Round "4"]
[White "Pomerantz, Daniel"]
[Black "Mathews, Theo"]
[Result "1-0"]
[WhiteElo "1851"]
[BlackElo "1735"]
[PlyCount "87"]
[GameId "2160767910268878"]
[EventDate "2009.02.18"]
[EventType "tourn"]
[EventRounds "5"]
[EventCountry "CAN"]
[SourceTitle "EXT 2011"]
[Source "ChessBase"]
[SourceDate "2011.11.26"]
[SourceVersion "1"]
[SourceVersionDate "2011.11.26"]
[SourceQuality "1"]

1. e4 e5 2. Nf3 Nf6 3. d4 Nxe4 4. Bd3 d5 5. Nxe5 Bd6 6. O-O O-O 7. Re1 Nf6 8. Bg5 Nbd7 9. Nd2 c5 10. Nxd7 Bxd7 11. dxc5 Bxc5 12. Nb3 Bb6 13. Qf3 Bc6 14. Qf5 Qd7 15. Bxf6 Qxf5 16. Bxf5 gxf6 17. c3 Rae8 18. Nd4 Re5 19. Bd3 Rfe8 20. Kf1 Rxe1+ 21. Rxe1 Rxe1+ 22. Kxe1 Bd7 23. Ke2 h6 24. Bf5 Bc6 25. Bc8 Bxd4 26. cxd4 Kf8 27. Kf3 b6 28. Bg4 Kg7 29. b3 a5 30. Kf4 b5 31. b4 axb4 32. Bf5 Kf8 33. Ke3 Ke7 34. Kd2 Kd6 35. Kc2 Kc7 36. Kb3 Kb6 37. Kxb4 Be8 38. Bg4 Bc6 39. Bh5 Be8 40. Bf3 Kc6 41. Ka5 Bd7 42. Be2 Bf5 43. Bxb5+ Kd6 44. Kb6 1-0

[Event "Montreal Mercredi 02"]
[Site "Montreal CAN"]
[Date "2009.03.11"]
[Round "4"]
[White "Pregent, Daniel"]
[Black "Savard, Alain"]
[Result "0-1"]
[WhiteElo "1839"]
[BlackElo "1759"]
[PlyCount "120"]
[GameId "2160767910268879"]
[EventDate "2009.02.18"]
[EventType "tourn"]
[EventRounds "5"]
[EventCountry "CAN"]
[SourceTitle "EXT 2011"]
[Source "ChessBase"]
[SourceDate "2011.11.26"]
[SourceVersion "1"]
[SourceVersionDate "2011.11.26"]
[SourceQuality "1"]

1. d4 Nf6 2. Nf3 c5 3. d5 e6 4. c4 exd5 5. cxd5 d6 6. Nc3 g6 7. h3 Bg7 8. e4 O-O 9. Bd3 Re8 10. O-O c4 11. Bc2 b5 12. Nxb5 Nxe4 13. Re1 Bd7 14. Bxe4 Bxb5 15. a4 Ba6 16. Ra3 Nd7 17. Bc2 Qc7 18. Rae3 Rxe3 19. Rxe3 Qc5 20. Re7 Nf6 21. Ng5 Rf8 22. Be3 Qxd5 23. Rxa7 Bb7 24. Qxd5 Bxd5 25. Bd4 h6 26. Nf3 Rb8 27. Nd2 Nh5 28. Bxg7 Kxg7 29. Be4 Be6 30. Rb7 Rc8 31. a5 Nf6 32. Bf3 d5 33. a6 Rc6 34. a7 Ra6 35. Nxc4 dxc4 36. Kf1 Ra2 37. Ke1 Bd5 38. Bxd5 Nxd5 39. Kd1 c3 40. bxc3 Nxc3+ 41. Ke1 Re2+ 42. Kf1 Ra2 43. g4 Kf6 44. Kg2 Ne4 45. Kf3 Ng5+ 46. Kg3 Ra3+ 47. Kg2 Ne4 48. f4 Nc5 49. g5+ hxg5 50. fxg5+ Ke6 51. Rc7 Ne4 52. h4 Nd6 53. Kf2 Nb5 54. Rc6+ Ke7 55. h5 gxh5 56. Rh6 Nxa7 57. Rxh5 Nc6 58. Rh4 Ne5 59. Re4 Ke6 60. Ke2 Kf5 0-1

[Event "Montreal Mercredi 02"]
[Site "Montreal CAN"]
[Date "2009.03.11"]
[Round "4"]
[White "Tremblay, Sigfrid"]
[Black "Forget, Luc"]
[Result "1/2-1/2"]
[WhiteElo "1858"]
[BlackElo "2082"]
[PlyCount "75"]
[GameId "2160767910268880"]
[EventDate "2009.02.18"]
[EventType "tourn"]
[EventRounds "5"]
[EventCountry "CAN"]
[SourceTitle "EXT 2011"]
[Source "ChessBase"]
[SourceDate "2011.11.26"]
[SourceVersion "1"]
[SourceVersionDate "2011.11.26"]
[SourceQuality "1"]

1. e4 d5 2. exd5 Qxd5 3. Nf3 Nf6 4. Nc3 Qd6 5. d4 a6 6. g3 Nc6 7. Bf4 Qd8 8. Bg2 e6 9. a3 Be7 10. Qd3 O-O 11. Rd1 Nd5 12. Bc1 Bf6 13. Ne4 b5 14. Nxf6+ Qxf6 15. Ng5 Qg6 16. Be4 f5 17. Bg2 Bb7 18. O-O Rad8 19. Rfe1 Bc8 20. c4 bxc4 21. Qxc4 Rd6 22. Nh3 Nce7 23. Nf4 Qf6 24. Nxd5 Nxd5 25. Bxd5 Rxd5 26. Bf4 c6 27. Be5 Qf7 28. Rc1 Bb7 29. Re3 Rfd8 30. Qe2 Qd7 31. Rc5 Rxc5 32. dxc5 Qd1+ 33. Kg2 Qd5+ 34. f3 Qxc5 35. Bc3 Bc8 36. Rd3 Rd5 37. Rxd5 Qxd5 38. Qe5 1/2-1/2

[Event "Montreal Mercredi 02"]
[Site "Montreal CAN"]
[Date "2009.03.18"]
[Round "5"]
[White "Baran, Marius"]
[Black "Crezegut, Anthony"]
[Result "1-0"]
[WhiteElo "1654"]
[BlackElo "1713"]
[PlyCount "55"]
[GameId "2160767910268881"]
[EventDate "2009.02.18"]
[EventType "tourn"]
[EventRounds "5"]
[EventCountry "CAN"]
[SourceTitle "EXT 2011"]
[Source "ChessBase"]
[SourceDate "2011.11.26"]
[SourceVersion "1"]
[SourceVersionDate "2011.11.26"]
[SourceQuality "1"]

1. d4 d5 2. c4 e6 3. Nc3 c6 4. e3 Nf6 5. Nf3 Nbd7 6. Bd3 dxc4 7. Bxc4 b5 8. Bd3 Bd6 9. O-O O-O 10. e4 e5 11. Bg5 a6 12. Ne2 Re8 13. a3 Bb7 14. Rc1 Rc8 15. Re1 c5 16. d5 c4 17. Bb1 h6 18. Bh4 Qb6 19. Qd2 a5 20. Ng3 g5 21. Nxg5 hxg5 22. Qxg5+ Kh7 23. Nf5 Bf8 24. Rc3 Ng8 25. Qh5+ Nh6 26. Nxh6 Qxh6 27. Qxf7+ Qg7 28. Qf5+ 1-0

[Event "Montreal Mercredi 02"]
[Site "Montreal CAN"]
[Date "2009.03.18"]
[Round "5"]
[White "Forget, Luc"]
[Black "Leutschaft, Martin"]
[Result "1/2-1/2"]
[WhiteElo "2082"]
[BlackElo "2158"]
[PlyCount "66"]
[GameId "2160767910268882"]
[EventDate "2009.02.18"]
[EventType "tourn"]
[EventRounds "5"]
[EventCountry "CAN"]
[SourceTitle "EXT 2011"]
[Source "ChessBase"]
[SourceDate "2011.11.26"]
[SourceVersion "1"]
[SourceVersionDate "2011.11.26"]
[SourceQuality "1"]

1. d4 d5 2. c4 c6 3. Nf3 Nf6 4. Nc3 g6 5. e3 Bg7 6. Be2 O-O 7. O-O Bg4 8. Ne5 Bxe2 9. Qxe2 Nfd7 10. f4 e6 11. Bd2 f6 12. Nf3 f5 13. c5 Nf6 14. b4 a6 15. Rab1 Nbd7 16. a4 Ne4 17. Rb3 Ndf6 18. Be1 Nxc3 19. Bxc3 Ne4 20. Rfb1 b5 21. cxb6 Qxb6 22. Ne5 Bxe5 23. dxe5 Nxc3 24. Rxc3 a5 25. Rcb3 axb4 26. Rxb4 Qa6 27. Qe1 Ra7 28. Rb8 Qxa4 29. Rxf8+ Kxf8 30. Qh4 Rf7 31. Qh6+ Ke8 32. Rb8+ Kd7 33. Rb7+ Ke8 1/2-1/2

[Event "Montreal Mercredi 02"]
[Site "Montreal CAN"]
[Date "2009.03.18"]
[Round "5"]
[White "Gauthier, Luc"]
[Black "Lamouche, Andre"]
[Result "1/2-1/2"]
[WhiteElo "1621"]
[BlackElo "1707"]
[PlyCount "68"]
[GameId "2160767910268883"]
[EventDate "2009.02.18"]
[EventType "tourn"]
[EventRounds "5"]
[EventCountry "CAN"]
[SourceTitle "EXT 2011"]
[Source "ChessBase"]
[SourceDate "2011.11.26"]
[SourceVersion "1"]
[SourceVersionDate "2011.11.26"]
[SourceQuality "1"]

1. e4 e5 2. Nc3 Nf6 3. f4 d6 4. Nf3 Nc6 5. Bb5 Bd7 6. Bxc6 Bxc6 7. d3 exf4 8. Bxf4 Be7 9. O-O O-O 10. Qd2 d5 11. Ne5 Be8 12. Bg5 dxe4 13. dxe4 Qxd2 14. Bxd2 Bb4 15. Rae1 Rd8 16. Nd3 Ba5 17. Bg5 h6 18. Bxf6 gxf6 19. Rxf6 Kg7 20. Ref1 Bc6 21. e5 Bb6+ 22. Kh1 Be3 23. Nd1 Bg5 24. R6f2 Be4 25. Nf4 Bxf4 26. Rxf4 Bxc2 27. Ne3 Bg6 28. h4 h5 29. Nf5+ Bxf5 30. Rxf5 Rd2 31. Rg5+ Kh7 32. Rxh5+ Kg7 33. Rg5+ Kh7 34. Rh5+ Kg7 1/2-1/2

[Event "Montreal Mercredi 02"]
[Site "Montreal CAN"]
[Date "2009.03.18"]
[Round "5"]
[White "Levkovsky, Alexandre"]
[Black "Tremblay, Sigfrid"]
[Result "1-0"]
[WhiteElo "2068"]
[BlackElo "1858"]
[PlyCount "131"]
[GameId "2160767910268884"]
[EventDate "2009.02.18"]
[EventType "tourn"]
[EventRounds "5"]
[EventCountry "CAN"]
[SourceTitle "EXT 2011"]
[Source "ChessBase"]
[SourceDate "2011.11.26"]
[SourceVersion "1"]
[SourceVersionDate "2011.11.26"]
[SourceQuality "1"]

1. e4 d6 2. Nf3 Nf6 3. Nc3 g6 4. Be2 c5 5. d4 cxd4 6. Nxd4 Bg7 7. Be3 Nc6 8. O-O Bd7 9. f4 O-O 10. Nb3 a6 11. a4 Qc8 12. h3 Nb4 13. Bf3 Rd8 14. Bb6 Re8 15. Qe2 Be6 16. Nd5 Nbxd5 17. exd5 Bf5 18. c3 Be4 19. Na5 Bxf3 20. Rxf3 Nd7 21. Qf2 e6 22. Rd1 e5 23. fxe5 Nxe5 24. Rf4 Qd7 25. Rb4 Rac8 26. Kh1 f5 27. Qf1 Nf7 28. Bd4 Rc7 29. Nb3 Ng5 30. Bb6 Rcc8 31. Nd2 Re7 32. Bf2 Nf7 33. Nf3 Rce8 34. Re1 h6 35. Bg3 g5 36. Bh2 f4 37. Rxe7 Rxe7 38. Qd3 Ne5 39. Nxe5 Rxe5 40. Re4 Qe7 41. Rxe5 Qxe5 42. Bg1 Kf7 43. Bf2 Qf6 44. Kg1 Qg6 45. Qxg6+ Kxg6 46. g4 fxg3 47. Bxg3 Bf8 48. Kf2 Kf5 49. Kf3 h5 50. c4 g4+ 51. hxg4+ hxg4+ 52. Ke3 Bh6+ 53. Kd3 Bf4 54. Bxf4 Kxf4 55. c5 Ke5 56. c6 bxc6 57. dxc6 Ke6 58. b4 d5 59. Ke3 Kd6 60. b5 axb5 61. axb5 Kc7 62. Kf4 Kb6 63. Kxg4 d4 64. Kf3 Kxb5 65. c7 Kc4 66. Ke4 1-0

[Event "Montreal Mercredi 02"]
[Site "Montreal CAN"]
[Date "2009.03.18"]
[Round "5"]
[White "Mathews, Theo"]
[Black "Pregent, Daniel"]
[Result "0-1"]
[WhiteElo "1735"]
[BlackElo "1839"]
[PlyCount "98"]
[GameId "2160767910268885"]
[EventDate "2009.02.18"]
[EventType "tourn"]
[EventRounds "5"]
[EventCountry "CAN"]
[SourceTitle "EXT 2011"]
[Source "ChessBase"]
[SourceDate "2011.11.26"]
[SourceVersion "1"]
[SourceVersionDate "2011.11.26"]
[SourceQuality "1"]

1. e4 c6 2. d4 d5 3. Nc3 dxe4 4. Nxe4 Bf5 5. Ng3 Bg6 6. Bc4 Nf6 7. Nf3 Nbd7 8. Nh4 e6 9. Bg5 Be7 10. O-O Qc7 11. c3 O-O-O 12. a4 Nb6 13. Be2 Nbd5 14. Qc1 Bd6 15. b4 Bf4 16. Bxf4 Nxf4 17. Qe3 N6d5 18. Qd2 Nxe2+ 19. Nxe2 e5 20. c4 Nf4 21. Nxf4 Rxd4 22. Qe3 Rxf4 23. Qh3+ Qd7 24. Qxd7+ Kxd7 25. Nxg6 hxg6 26. Rfd1+ Ke7 27. Rac1 Rd8 28. Re1 f6 29. g3 Rfd4 30. Kg2 Ke6 31. Kf3 f5 32. h4 e4+ 33. Kg2 Rd2 34. Rc3 Ra2 35. a5 Rdd2 36. Rf1 Ke5 37. Rb3 Kd4 38. c5 Kc4 39. Re3 Kxb4 40. Rb1+ Rab2 41. Rc1 Rxf2+ 42. Kg1 Rfc2 43. Rxc2 Rxc2 44. g4 Kxc5 45. gxf5 gxf5 46. Rg3 f4 47. Rxg7 e3 48. Rf7 Rc1+ 49. Kg2 e2 0-1

[Event "Montreal Mercredi 02"]
[Site "Montreal CAN"]
[Date "2009.03.18"]
[Round "5"]
[White "Morin, Louis"]
[Black "Plante, Michel"]
[Result "1/2-1/2"]
[WhiteElo "1926"]
[BlackElo "2094"]
[PlyCount "26"]
[GameId "2160767910268886"]
[EventDate "2009.02.18"]
[EventType "tourn"]
[EventRounds "5"]
[EventCountry "CAN"]
[SourceTitle "EXT 2011"]
[Source "ChessBase"]
[SourceDate "2011.11.26"]
[SourceVersion "1"]
[SourceVersionDate "2011.11.26"]
[SourceQuality "1"]

1. e4 d6 2. Nf3 Nf6 3. Nc3 g6 4. d4 Bg7 5. Bc4 O-O 6. O-O Nxe4 7. Nxe4 d5 8. Bd3 dxe4 9. Bxe4 Qd6 10. c3 Nd7 11. Re1 e5 12. dxe5 Qxd1 13. Rxd1 Nxe5 1/2-1/2

[Event "Montreal Mercredi 02"]
[Site "Montreal CAN"]
[Date "2009.03.18"]
[Round "5"]
[White "Savard, Alain"]
[Black "Cote, Philippe"]
[Result "1-0"]
[WhiteElo "1759"]
[BlackElo "1730"]
[PlyCount "35"]
[GameId "2160767910268887"]
[EventDate "2009.02.18"]
[EventType "tourn"]
[EventRounds "5"]
[EventCountry "CAN"]
[SourceTitle "EXT 2011"]
[Source "ChessBase"]
[SourceDate "2011.11.26"]
[SourceVersion "1"]
[SourceVersionDate "2011.11.26"]
[SourceQuality "1"]

1. e4 d6 2. d4 Nf6 3. Nc3 g6 4. Be3 c6 5. Qd2 b5 6. Bd3 Nbd7 7. Nf3 Qc7 8. O-O Bg7 9. Bh6 O-O 10. Rfe1 e5 11. Bxg7 Kxg7 12. Ne2 a6 13. Ng3 h6 14. c4 Bb7 15. Rac1 exd4 16. cxb5 c5 17. Nxd4 Qb6 18. Ndf5+ 1-0

[Event "Montreal Mercredi 04"]
[Site "Montreal CAN"]
[Date "2009.04.01"]
[Round "1"]
[White "Antoine, Vladimir"]
[Black "Brichko, Michael"]
[Result "0-1"]
[WhiteElo "1653"]
[BlackElo "1649"]
[PlyCount "76"]
[GameId "2160767739119967"]
[EventDate "2009.04.01"]
[EventType "tourn"]
[EventRounds "5"]
[EventCountry "CAN"]
[SourceTitle "EXT 2011"]
[Source "ChessBase"]
[SourceDate "2011.11.26"]
[SourceVersion "1"]
[SourceVersionDate "2011.11.26"]
[SourceQuality "1"]

1. e4 e6 2. d3 d5 3. Nd2 Nd7 4. Ngf3 c6 5. d4 dxe4 6. Nxe4 Ngf6 7. Bg5 Qa5+ 8. Ned2 Qc7 9. g3 b5 10. Bg2 Bd6 11. O-O O-O 12. c4 h6 13. Be3 Bb7 14. c5 Be7 15. Bf4 Qd8 16. Re1 Nd5 17. Be3 N7f6 18. Ne5 a5 19. Ndf3 Qc7 20. a3 Rfd8 21. Qe2 Ba6 22. Qc2 Bb7 23. Rad1 Re8 24. Qc1 Bf8 25. h3 b4 26. a4 Ba6 27. Nc4 Nd7 28. Nfe5 Bxc4 29. Qxc4 Nxe5 30. dxe5 Rad8 31. Qe4 Qa7 32. Rc1 Rc8 33. h4 Red8 34. Red1 Rd7 35. Bf1 Rcd8 36. Bd3 g6 37. h5 Ne7 38. hxg6 Nxg6 {...} 0-1

[Event "Montreal Mercredi 04"]
[Site "Montreal CAN"]
[Date "2009.04.01"]
[Round "1"]
[White "Crezegut, Anthony"]
[Black "Chesnut, Walter"]
[Result "1/2-1/2"]
[WhiteElo "1677"]
[BlackElo "1657"]
[PlyCount "29"]
[GameId "2160767910222998"]
[EventDate "2009.04.01"]
[EventType "tourn"]
[EventRounds "5"]
[EventCountry "CAN"]

1. d4 d5 2. Nf3 Nf6 3. e3 a6 4. c4 e6 5. b3 Bb4+ 6. Bd2 Be7 7. Bd3 Nbd7 8. Bc3 O-O 9. Nbd2 c5 10. O-O b6 11. Rc1 Bb7 12. Bb2 Rc8 13. cxd5 Nxd5 14. e4 Nf4 15. Bb1 1/2-1/2

[Event "Montreal Mercredi 04"]
[Site "Montreal CAN"]
[Date "2009.04.01"]
[Round "1"]
[White "Forget, Luc"]
[Black "Tremblay, Sigfrid"]
[Result "1-0"]
[WhiteElo "2083"]
[BlackElo "1867"]
[PlyCount "87"]
[GameId "2160767910223000"]
[EventDate "2009.04.01"]
[EventType "tourn"]
[EventRounds "5"]
[EventCountry "CAN"]
[SourceTitle "EXT 2011"]
[Source "ChessBase"]
[SourceDate "2011.11.26"]
[SourceVersion "1"]
[SourceVersionDate "2011.11.26"]
[SourceQuality "1"]

1. d4 Nf6 2. c4 g6 3. Nc3 Bg7 4. e4 d6 5. f4 O-O 6. Nf3 c5 7. d5 e6 8. dxe6 Bxe6 9. Bd3 a6 10. O-O Bd7 11. Kh1 b5 12. h3 Re8 13. Re1 b4 14. Nd5 Nxd5 15. exd5 a5 16. Rb1 Ra7 17. Bd2 Rxe1+ 18. Qxe1 Bc8 19. Kh2 Re7 20. Qh4 Re8 21. Qxd8 Rxd8 22. b3 Nd7 23. Re1 h6 24. g4 Kf8 25. Kg3 Re8 26. Rxe8+ Kxe8 27. g5 h5 28. Nh4 Kf8 29. Be4 Bd4 30. f5 Be5+ 31. Bf4 Kg7 32. fxg6 Bxf4+ 33. Kxf4 Ne5 34. Bf5 Ba6 35. gxf7 Kxf7 36. Be6+ Kg7 37. Nf5+ Kg6 38. h4 Nxc4 39. Bd7 Ne5 40. Be8+ Kh7 41. Nxd6 Nd3+ 42. Ke3 Nc1 43. Nf5 Nxa2 44. Bf7 1-0

[Event "Montreal Mercredi 04"]
[Site "Montreal CAN"]
[Date "2009.04.01"]
[Round "1"]
[White "Gauthier, Luc"]
[Black "Millette, Sylvain"]
[Result "0-1"]
[WhiteElo "1676"]
[BlackElo "1660"]
[PlyCount "84"]
[GameId "2160767910223001"]
[EventDate "2009.04.01"]
[EventType "tourn"]
[EventRounds "5"]
[EventCountry "CAN"]
[SourceTitle "EXT 2011"]
[Source "ChessBase"]
[SourceDate "2011.11.26"]
[SourceVersion "1"]
[SourceVersionDate "2011.11.26"]
[SourceQuality "1"]

1. e4 Nf6 2. e5 Nd5 3. Nc3 Nxc3 4. dxc3 d6 5. Bf4 Nc6 6. Bb5 Bd7 7. Bxc6 bxc6 8. Nf3 g6 9. Qd2 Bg7 10. O-O-O Bg4 11. exd6 cxd6 12. h3 Bxf3 13. gxf3 O-O 14. Bh6 Rb8 15. Bxg7 Kxg7 16. h4 Qb6 17. Qd4+ Qxd4 18. Rxd4 h5 19. Re1 Rb7 20. Ra4 Ra8 21. Ra6 Rb6 22. Ra4 e6 23. Rd1 c5 24. b3 a5 25. a3 d5 26. b4 c4 27. bxa5 Rba6 28. Kb2 Rxa5 29. Rxa5 Rxa5 30. Ka2 Kf6 31. f4 Kf5 32. Rb1 Ra7 33. Rb4 Kxf4 34. a4 Kg4 35. Ka3 Kxh4 36. Rb6 Kg4 37. Kb4 h4 38. a5 Kf3 39. Kb5 Rxa5+ 40. Kxa5 h3 41. Rb7 h2 42. Rxf7+ Kg2 0-1

[Event "Montreal Mercredi 04"]
[Site "Montreal CAN"]
[Date "2009.04.01"]
[Round "1"]
[White "Lafleur, Jean Francois"]
[Black "Landry, Martin"]
[Result "1-0"]
[WhiteElo "1578"]
[BlackElo "1529"]
[PlyCount "80"]
[GameId "2160767739119968"]
[EventDate "2009.04.01"]
[EventType "tourn"]
[EventRounds "5"]
[EventCountry "CAN"]
[SourceTitle "EXT 2011"]
[Source "ChessBase"]
[SourceDate "2011.11.26"]
[SourceVersion "1"]
[SourceVersionDate "2011.11.26"]
[SourceQuality "1"]

1. e4 c5 2. Nf3 d6 3. d4 cxd4 4. Nxd4 Nf6 5. Nc3 a6 6. Be3 Nc6 7. Be2 e5 8. Nf3 b5 9. O-O Be7 10. Nd2 Bb7 11. f3 d5 12. exd5 Nb4 13. Nxb5 Nbxd5 14. Bf2 axb5 15. Bxb5+ Kf8 16. c4 Nf4 17. Qc2 Ne2+ 18. Kh1 Nd4 19. Bxd4 exd4 20. Nb3 Qb6 21. Rfd1 Rd8 22. Rd3 g6 23. Rad1 Bc5 24. Nxc5 Qxc5 25. Qd2 Kg7 26. Rxd4 Rxd4 27. Qxd4 Qe7 28. c5 Rc8 29. b4 Kg8 30. a4 Ne8 31. Qd7 Qxd7 32. Rxd7 Bc6 33. Bxc6 Rxc6 34. Kg1 Kf8 35. Kf2 Nc7 36. Ke3 Ke8 37. Rd2 Ra6 38. a5 Re6+ 39. Kd3 Kd7 40. Kc4+ Kc6 {...} 1-0

[Event "Montreal Mercredi 04"]
[Site "Montreal CAN"]
[Date "2009.04.01"]
[Round "1"]
[White "Levkovsky, Alexandre"]
[Black "Giroux, Robert"]
[Result "1-0"]
[WhiteElo "2074"]
[BlackElo "1934"]
[PlyCount "91"]
[GameId "2160767910223002"]
[EventDate "2009.04.01"]
[EventType "tourn"]
[EventRounds "5"]
[EventCountry "CAN"]
[SourceTitle "EXT 2011"]
[Source "ChessBase"]
[SourceDate "2011.11.26"]
[SourceVersion "1"]
[SourceVersionDate "2011.11.26"]
[SourceQuality "1"]

1. e4 e5 2. Nf3 Nc6 3. Bb5 Nd4 4. Nxd4 exd4 5. O-O Bc5 6. d3 c6 7. Bc4 d5 8. exd5 cxd5 9. Bb5+ Kf8 10. c4 Ne7 11. a3 Be6 12. b4 Bd6 13. c5 Bc7 14. Nd2 h5 15. Nf3 Nf5 16. Re1 Bd7 17. Qa4 Be6 18. Bg5 Qc8 19. c6 b6 20. Ba6 Qe8 21. Bb7 Rb8 22. Qxa7 f6 23. Ba6 Qf7 24. Kh1 Bd6 25. c7 Qxc7 26. Qxc7 Bxc7 27. Rxe6 fxg5 28. Nxg5 Bd8 29. h4 Nxh4 30. Re5 Bxg5 31. Rxg5 Rd8 32. g3 Rd6 33. gxh4 g6 34. Bb7 Rf6 35. Kg2 Kg7 36. Bxd5 Rhf8 37. f3 Rc8 38. Kg3 Rc2 39. a4 Rb2 40. a5 bxa5 41. bxa5 Ra6 42. Bc4 Ra7 43. Rb5 Re2 44. a6 Ree7 45. Bd5 Kf6 46. Rb7 1-0

[Event "Montreal Mercredi 04"]
[Site "Montreal CAN"]
[Date "2009.04.01"]
[Round "1"]
[White "Luo, Zhao Yang"]
[Black "Mathews, Theo"]
[Result "1-0"]
[WhiteElo "1768"]
[BlackElo "1721"]
[PlyCount "35"]
[GameId "2160767739316962"]
[EventDate "2009.04.01"]
[EventType "tourn"]
[EventRounds "5"]
[EventCountry "CAN"]

1. d4 d5 2. c4 e6 3. Nf3 f5 4. Nc3 Nf6 5. Bf4 c6 6. e3 Be7 7. Qc2 O-O 8. Bd3 Ne4 9. Nd2 Nd7 10. f3 Nxd2 11. Qxd2 Nb6 12. c5 Nd7 13. e4 fxe4 14. fxe4 dxe4 15. Nxe4 Nf6 16. Nd6 Nd5 17. Be3 h6 {...} 18. Qc2 1-0